000 00808nam a2200217Ii 4500
003 JO-AjNU
008 230605s9999||||xx |||||||||||||| ||und||
020 _a9959-36-820-1
040 _aJO-AjNU
_bara
_erda
_cJO-AjNU
041 _aara
050 1 4 _aE840.8.C43N53 2006
100 3 _aنيكولز، جون؛ ترجمة برهوم، محمود وعزيزية، رغدة محمد حسن,
_eauthor
_920089
245 0 0 _aديك تشيني رئيس أمريكا الفعلي
250 _aط1
264 3 1 _aبيروت: المؤسسة العربية للدراسات والنشر، 2006
300 _a200ص
_bصور توضيحية
336 _atext
_btxt
_2rdacontent
337 _aunmediated
_bn
_2rdamedia
338 _avolume
_bnc
_2rdacarrier
650 4 _aديك تشيني-امريكا-تاريخ
_920090
999 _aA6747
_c10315
_d10315